Improving the environment in the Mediterranean : lessons for sustainable development

Αποθηκεύτηκε σε:
Λεπτομέρειες βιβλιογραφικής εγγραφής
Συγγραφή απο Οργανισμό/Αρχή: United Nations Environment Programme. Mediterranean Action Plan
Μορφή: Βιβλίο
Γλώσσα:English
Δημοσίευση: Athens : Mediterranean Action Plan, United Nations Environment Programme, c1999
Θέματα:
Ετικέτες: Προσθήκη ετικέτας
Δεν υπάρχουν, Καταχωρήστε ετικέτα πρώτοι!

MARC

LEADER 00000cam a2200000 i 4500
001 1/50396
008 040309s1999 eng d
020 |a 92-807-1914-9 
035 |l 10072576 
040 |a GR-MY-UA  |b gre  |e aacr 
041 0 |a eng 
082 0 |a 333.7091822 
245 1 0 |a Improving the environment in the Mediterranean :  |b lessons for sustainable development /  |c United Nations Environment Programme. Mediterranean Action Plan 
260 |a Athens :   |b Mediterranean Action Plan, United Nations Environment Programme,   |c c1999 
300 |a 230 σ.;  |b εγχρ. εικ.;  |c 29 εκ. 
500 |a European Commission-DG XI-3, B7-8/10/97/804/UNB/A4 
504 |a Περιέχει βιβλιογραφία και ευρετήριο 
650 0 0 |a Sustainable development  |z Mediterranean Region. 
651 0 |a Mediterranean Region  |x Environmental conditions. 
710 2 |a United Nations Environment Programme.   |b Mediterranean Action Plan. 
852 |a INST  |b LESVOS  |e 20040309  |h 333.7091822 IMP  |p 005100030868  |q 005100030868  |t BK  |y 0 
901 |a BIBL1-2004-1 
909 |a Λ  |b 108015 
970 |a ΤΖΑΦΕΡΗ  |b ΕΥΑΓΓΕΛΙΑ  |z 2004/03/09